கிராமப் பிறழ்வு (Record no. 4617)

MARC details
000 -LEADER
fixed length control field 00779nam a22002537a 4500
003 - CONTROL NUMBER IDENTIFIER
control field LK-CoMWRAF
005 - DATE AND TIME OF LATEST TRANSACTION
control field 20240315101646.0
008 - FIXED-LENGTH DATA ELEMENTS--GENERAL INFORMATION
fixed length control field 240114b2009 |||||||| |||| 00| 0 eng d
020 ## - INTERNATIONAL STANDARD BOOK NUMBER
International Standard Book Number 9789558415962
040 ## - CATALOGING SOURCE
Original cataloging agency LK-CoMWRAF
Modifying agency LK-CoMWRAF
Description conventions LK-CoMWRAF
041 ## - LANGUAGE CODE
Language code of text/sound track or separate title Tamil
082 ## - DEWEY DECIMAL CLASSIFICATION NUMBER
Classification number 894.8113
Item number WIC
942 ## - ADDED ENTRY ELEMENTS (KOHA)
Koha item type Books
100 ## - MAIN ENTRY--PERSONAL NAME
Personal name விக்ரமசிங்க, மார்ட்டின்
Personal name (Transliterated) Wickramasinghe, Martin
700 ## - ADDED ENTRY--PERSONAL NAME
Personal name உவைஸ், ம. முகம்மது
Relator Term translator
242 ## - TRANSLATION OF TITLE BY CATALOGING AGENCY
Title Gamperaliya
242 ## - TRANSLATION OF TITLE BY CATALOGING AGENCY
Title Uprooted
245 ## - TITLE STATEMENT
Title கிராமப் பிறழ்வு
246 ## - VARYING FORM OF TITLE
Title proper/short title Kiraamap piralwu
260 ## - PUBLICATION, DISTRIBUTION, ETC. (IMPRINT)
Place of publication, distribution, etc. Rajagiriya:
Name of publisher, distributor, etc. Sarasa,
Date of publication, distribution, etc. 2009
300 ## - PHYSICAL DESCRIPTION
Extent 228 p.
650 ## - SUBJECT ADDED ENTRY--TOPICAL TERM
Topical term or geographic name as entry element TAMIL FICTION
650 ## - SUBJECT ADDED ENTRY--TOPICAL TERM
Topical term or geographic name as entry element Sinhala fiction-Tamil translations
Holdings
Withdrawn status Lost status Damaged status Not for loan Permanent Location Current Location Date acquired Full call number Barcode Koha item type
        Resource center, Muslim Women's Research And Action Forum Resource center, Muslim Women's Research And Action Forum 2024-01-14 894.8113 WIC RAF4730 Books

Copyright © 2023 Muslim Women's Research and Action Forum (MWRAF), No 27/3, Anderson Road, Kalubowila, Dehiwela. Funded by The Asia Fundation